000 00244nam a2200109Ia 4500
008 190216s9999||||xx |||||||||||||| ||und||
100 _aLooyi P Thorpe
245 0 _aVyakthithwam
260 _bBhasha Institute
650 _aPadanam
942 _cBK
999 _c40409
_d40409